000 00554cam a2200217 a 4500
001 4207907
005 20180221070456.0
008 820910s1982 enk b 000 0 eng
010 _a 81068983
020 _a012155080X
040 _aDLC
_cDLC
_dDLC
041 _aeng
080 _a304.63401 CAL
082 0 0 _a304.63401 CAL
_219
100 1 _a50
101 _aSOC
245 1 0 _aTheory of fertility decline /
_cJohn C. Caldwell.
504 _aBibliography: p. 369-386.
906 _a7
_bcbc
_corignew
_d2
_eopcn
_f19
_gy-gencatlg
942 _2ddc
_cBK
999 _c43041
_d43041